000 00643nam a2200277Ia 4500
005 20260324133728.0
008 008 260324s9999 xx 000 0 eng d
020 _a9781351323482
037 _aEBOOK
040 _aCRL
040 _beng
040 _cCRL
041 _2eng
041 _aeng
084 _qCRL
100 _aDennis Wrong
_91188805
245 0 _aReflections on a Politically Skeptical Era
260 _bTaylor and Francis
260 _c2003
365 _a
365 _b145
856 _uhttp://www.taylorfrancis.com/books/9781351323482
942 _cEBOOK
999 _c1793522
_d1793522